Normal view
MARC view
- Stuller, John Alan
Entry Personal Name
001 - CONTROL NUMBER
- control field: 58809
003 - CONTROL NUMBER IDENTIFIER
- control field: NUST
005 - DATE AND TIME OF LATEST TRANSACTION
- control field: 20210628202222.0
008 - FIXED-LENGTH DATA ELEMENTS
- fixed length control field: 210628|| aca||aabn | a|a d
040 ## - CATALOGING SOURCE
- Original cataloging agency: NUST
- Transcribing agency: NUST
100 ## - HEADING--PERSONAL NAME
- Personal name: Stuller, John Alan
670 ## - SOURCE DATA FOUND
- Source citation: Work cat.: (NUST): Stuller, John Alan, An introduction to signals and systems, 2010
